AFL/VFL All-Time Leading Goal Kickers (500+ Goals) - Statistics

General Stats
  • This quiz has been taken 18 times
  • The average score is 36 of 65
Answer Stats
Goals Team(s) Answer % Correct
1066 HAW/SYD Lance Franklin
100%
1360 STK^/SYD Tony Lockett
94%
1031 HAW/GEE^ Gary Ablett Sr.
88%
1299 COL^ Gordon Coventry
88%
1254 HAW^ Jason Dunstall
88%
926 ESS^ Matthew Lloyd
88%
546* ADE/HAW/BRI Jack Gunston
81%
787 RIC Jack Riewoldt
81%
594 BRI^ Jonathan Brown
81%
718 STK Nick Riewoldt
81%
727 NM^/ADE Wayne Carey
81%
556* WC/NM Jack Darling
75%
733* GWS^/GEE Jeremy Cameron
75%
723 CAR/WC^ Josh Kennedy
75%
915 HAW Leigh Matthews
75%
553* HAW Luke Breust
75%
680* ADE Taylor Walker
75%
796 GEE Tom Hawkins
75%
623 CAR/BRI Brendan Fevola
69%
640 CAR/ADE Eddie Betts
69%
578 HAW Jarryd Roughead
69%
700 FRE^ Matthew Pavlich
69%
800 RIC Matthew Richardson
69%
748 COL/NM Saverio Rocca
69%
746 STK/SYD/WB Barry Hall
63%
558 FOO/WB Brad Johnson
63%
1057 GEE/NM Doug Wade
63%
549 WC/STK Fraser Gehrig
63%
549 COL Peter Daicos
63%
516 GEE/GWS Steve Johnson
63%
588 ADE/FRE Tony Modra
63%
633 FIT/BB/BRI Alastair Lynch
56%
970 RIC^ Jack Titus
56%
537 ESS John Coleman
56%
631 MEL^ David Neitz
50%
778 RIC Kevin Bartlett
50%
561 ESS/HAW Paul Salmon
50%
727 HAW Peter Hudson
50%
874 COL/CAR Peter McKenna
50%
738 CAR^ Stephen Kernahan
50%
549 PA^ Warren Tredrea
50%
817 FOO/FIT Bernie Quinlan
44%
681 SM^ Bob Pratt
44%
527 RIC/COL Brian Taylor
44%
575 ESS Simon Madden
44%
574 STK Stephen Milne
44%
594 STK Stewart Loewe
44%
735 STK Bill Mohr
38%
518 NM Brent Harvey
38%
707 COL Dick Lee
38%
629 HAW Michael Moncrieff
38%
514 WC Peter Sumich
38%
554 FOO/WB Chris Grant
31%
511 NM John Longmire
31%
593 FOO/MEL Kelvin Templeton
31%
607 RIC Michael Roach
31%
572 MEL/FIT Norm Smith
31%
574 FIT/SYD/FOO/COL Richard Osborne
31%
722 CAR Harry Vallence
25%
662 ESS/FIT^ Jack Moriarty
25%
575 FOO^ Simon Beasley
25%
524 BB/BRI Daniel Bradshaw
19%
521 SYD Michael O'Loughlin
19%
548 RIC Dick Harris
13%
540 GEE/SM Lindsay White
13%
No matching quizzes found
Score Distribution
Percent of People with Each Score
Percentile by Number Answered
Your Score History
You have not taken this quiz